00617nam a2200133Ia 4500008004100000020001800041082002400059100003600083245002600119250001200145260003900157300001700196500027000213120622s9999 xx 000 0 und d a970-676-803-3 a345.7253 M611a 2006 aMéxico. Leyes, decretos, etc. aAgenda penal del D.F. a15a.ed. aMéxico : Ediciones Fiscales ISEF apag. varía aContenido: Normas constitucionales en materia penal. -- Código penal para el Distrito Federal. -- Código de procedimientos penales para el D.F. -- Código penal federal. -- Código Federal de procedimientos penales. -- Ley de la defesoría de oficio del D.F.